000 00850nmm a2200277 a 4500
003 AR-BaBNM
005 20251128205821.0
008 208019s1997 ||||||||||||||000 | spa||
040 _cAR-BaBNM
100 1 _aHotschewer, Raúl Walter
245 1 0 _aImpacto de la problemática ambiental en el derecho
260 _aSanta Fe
_bFacultad de Ciencias Jurídicas y Sociales de la Universidad Nacional del Litoral
_c1997
300 0 _a250 p.
500 0 _aIndice analítico p. 229-246
504 _aBibliografía p. 223-227
650 4 _aLEGISLACION AMBIENTAL
650 4 _aDESECHOS
650 4 _aCONTAMINACION INDUSTRIAL
650 4 _aRESPONSABILIDAD CIVIL
650 4 _aSANCION LEGISLATIVA
650 4 _aTRATAMIENTO DE DESECHOS
650 4 _aDERECHO AMBIENTAL
653 0 _aCONTAMINACION AMBIENTAL
942 _cBK
998 _cMariana
999 _c12927
_d12927